| 000 | 00376 a2200145 4500 | ||
|---|---|---|---|
| 005 | 20250408115135.0 | ||
| 020 | _a0-17-603545-1 | ||
| 082 | _a651 STE | ||
| 100 | _aSTEWART, M. J. | ||
| 245 | _aInformation Management 2000: Teacher's Manual | ||
| 260 |
_aOntario, _bNelson Canada, _c1990. |
||
| 300 |
_a136p.: ill,; table _c28cm. |
||
| 700 | _aWESTGATE, D. G. | ||
| 942 |
_2ddc _cBKS |
||
| 999 |
_c1198 _d1198 |
||